[Event "Sucre op"]
[Site "Sucre"]
[Date "2022.10.15"]
[Round "5"]
[White "Lopez A, Richard"]
[Black "Araujo, Amilcar"]
[Result "1-0"]
[WhiteElo "2050"]
[BlackElo "1521"]
[PlyCount "53"]
[EventDate "2022.10.13"]
[EventType "swiss"]
[EventRounds "7"]
[EventCountry "BOL"]
[SourceTitle "CBM 210 Extra"]
[Source "ChessBase"]
[SourceDate "2022.11.30"]
[SourceVersion "1"]
[SourceVersionDate "2022.11.30"]
[SourceQuality "1"]

1. b3 d5 2. Bb2 c5 3. f4 Nc6 4. Nf3 f5 5. e3 Nf6 6. Bb5 Bd7 7. 0-0 e6 8. d3 Bd6 9. Bxc6 Bxc6 10. Ne5 Qc7 11. Nd2 0-0 12. Ndf3 Nd7 13. Nxc6 Qxc6 14. Ng5 Be7 15. Qh5 Bxg5 16. Qxg5 Nf6 17. Rf3 Rac8 18. Rg3 Rc7 19. Bxf6 Rff7 20. Rd1 Rcd7 21. Be5 b5 22. h4 a5 23. h5 b4 24. Qh4 Qa6 25. Rg5 Kf8 26. h6 gxh6 27. Qxh6+ 1-0

[Event "Sucre op"]
[Site "Sucre"]
[Date "2022.10.14"]
[Round "3"]
[White "Herrera, Jhon"]
[Black "Araujo, Amilcar"]
[Result "0-1"]
[WhiteElo "1738"]
[BlackElo "1521"]
[PlyCount "53"]
[EventDate "2022.10.13"]
[EventType "swiss"]
[EventRounds "7"]
[EventCountry "BOL"]
[SourceTitle "CBM 210 Extra"]
[Source "ChessBase"]
[SourceDate "2022.11.30"]
[SourceVersion "1"]
[SourceVersionDate "2022.11.30"]
[SourceQuality "1"]

1. e4 e6 2. d4 d5 3. Nc3 c5 4. Nf3 Nc6 5. Bf4 dxe4 6. Nxe4 cxd4 7. Bd3 Nf6 8. 0-0 Be7 9. Re1 Nxe4 10. Rxe4 Bf6 11. Qd2 0-0 12. Rae1 Ne7 13. Nxd4 b6 14. Nb5 Bb7 15. R4e2 Nd5 16. Bd6 Be7 17. Be5 f6 18. Bg3 e5 19. Rd1 Nb4 20. Bc4+ Kh8 21. Qe1 Qc8 22. b3 a6 23. Nd6 Bxd6 24. Rxd6 Qc5 25. Red2 b5 26. Be6 Nxc2 27. R6d3 0-1

[Event "Sucre op"]
[Site "Sucre"]
[Date "2022.10.13"]
[Round "1"]
[White "Ferrufino, Boris"]
[Black "Araujo, Amilcar"]
[Result "1/2-1/2"]
[WhiteElo "1919"]
[BlackElo "1521"]
[PlyCount "71"]
[EventDate "2022.10.13"]
[EventType "swiss"]
[EventRounds "7"]
[EventCountry "BOL"]
[SourceTitle "CBM 210 Extra"]
[Source "ChessBase"]
[SourceDate "2022.11.30"]
[SourceVersion "1"]
[SourceVersionDate "2022.11.30"]
[SourceQuality "1"]

1. d4 Nf6 2. Nf3 d5 3. e3 c5 4. c3 e6 5. Bd3 Bd6 6. Nbd2 b6 7. 0-0 Bb7 8. Qe2 0-0 9. e4 dxe4 10. Nxe4 Nxe4 11. Bxe4 Bxe4 12. Qxe4 Nd7 13. Bg5 Qc7 14. Rfe1 h6 15. Bh4 Rae8 16. Bg3 Bxg3 17. hxg3 Rc8 18. Rad1 Rfd8 19. Rd2 cxd4 20. Nxd4 Nf6 21. Qe2 Rd5 22. Red1 Rcd8 23. c4 R5d7 24. b3 a6 25. Nf3 Qc5 26. Rxd7 Rxd7 27. Rxd7 Nxd7 28. Qe4 Nf6 29. Qe5 Qb4 30. Qb8+ Kh7 31. Qb7 Qd6 32. Ne1 Qd2 33. Kf1 Ng4 34. Qxf7 Nh2+ 35. Kg1 Ng4 36. Kf1 1/2-1/2

[Event "Pan American-ch U20"]
[Site "Cochabamba"]
[Date "2019.08.02"]
[Round "2"]
[White "Araujo, Amilcar"]
[Black "Caballero Quijano, Mitzy Mishell"]
[Result "0-1"]
[WhiteElo "1530"]
[BlackElo "2059"]
[PlyCount "58"]
[EventDate "2019.08.01"]
[EventType "swiss"]
[EventRounds "9"]
[EventCountry "BOL"]
[SourceTitle "EXT 2020"]
[Source "ChessBase"]
[SourceDate "2019.10.17"]
[SourceVersion "1"]
[SourceVersionDate "2019.10.17"]
[SourceQuality "1"]

1. d4 e6 2. c4 f5 3. Nc3 Nf6 4. Bg5 h6 5. Bxf6 Qxf6 6. e4 fxe4 7. Nxe4 Bb4+ 8. Nc3 0-0 9. Nf3 b6 10. Be2 Bb7 11. 0-0 Bxc3 12. bxc3 d6 13. h3 Nd7 14. Nh2 e5 15. f3 Qf4 16. Rc1 Nf6 17. d5 Qe3+ 18. Rf2 Ne4 19. Ng4 Nxf2 20. Nxe3 Nxd1 21. Rxd1 Rae8 22. Bd3 Rf4 23. Be4 Ref8 24. Re1 h5 25. g3 R4f6 26. h4 Bc8 27. Nd1 Bf5 28. Bxf5 Rxf5 29. Kg2 g5 0-1

[Event "Pan American-ch U20"]
[Site "Cochabamba"]
[Date "2019.08.01"]
[Round "1"]
[White "Bolanos, Fernando"]
[Black "Araujo, Amilcar"]
[Result "1-0"]
[WhiteElo "2247"]
[BlackElo "1530"]
[PlyCount "81"]
[EventDate "2019.08.01"]
[EventType "swiss"]
[EventRounds "9"]
[EventCountry "BOL"]
[SourceTitle "EXT 2020"]
[Source "ChessBase"]
[SourceDate "2019.10.17"]
[SourceVersion "1"]
[SourceVersionDate "2019.10.17"]
[SourceQuality "1"]

1. e4 e6 2. d4 d5 3. e5 c5 4. c3 Nc6 5. Nf3 cxd4 6. cxd4 Bb4+ 7. Nc3 h6 8. Bd3 Nge7 9. a3 Bxc3+ 10. bxc3 Bd7 11. Bf4 Rc8 12. 0-0 Na5 13. Rc1 b5 14. Nd2 a6 15. Qg4 g6 16. Qh3 Nf5 17. g4 Qh4 18. Qxh4 Nxh4 19. Bg3 g5 20. Bxh4 gxh4 21. Kg2 Ke7 22. Kh3 Rcg8 23. Kxh4 Nc4 24. Nxc4 dxc4 25. Be4 f5 26. exf6+ Kxf6 27. f4 Ke7 28. Rce1 Kd6 29. f5 exf5 30. Bxf5 Rg5 31. Bxd7 Kxd7 32. Rf7+ Kc6 33. Rf6+ Kd5 34. Rf5+ Rxf5 35. gxf5 Rg8 36. Re5+ Kd6 37. Kh5 Rg2 38. h4 Rg3 39. f6 Rxc3 40. Rf5 Ke6 41. f7 1-0